<?xml version="1.0" encoding="UTF-8"?><?xml-stylesheet type="text/xsl" href="static/style.xsl"?><OAI-PMH xmlns="http://www.openarchives.org/OAI/2.0/" xmlns:xsi="http://www.w3.org/2001/XMLSchema-instance" xsi:schemaLocation="http://www.openarchives.org/OAI/2.0/ http://www.openarchives.org/OAI/2.0/OAI-PMH.xsd"><responseDate>2026-06-01T08:32:03Z</responseDate><request verb="GetRecord" identifier="oai:riuma.uma.es:10630/44678" metadataPrefix="marc">https://riuma.uma.es/rest/oai/request</request><GetRecord><record><header><identifier>oai:riuma.uma.es:10630/44678</identifier><datestamp>2026-02-03T11:18:01Z</datestamp><setSpec>com_10630_2254</setSpec><setSpec>col_10630_37953</setSpec></header><metadata><record xmlns="http://www.loc.gov/MARC21/slim" xmlns:dcterms="http://purl.org/dc/terms/" xmlns:doc="http://www.lyncode.com/xoai" xmlns:xsi="http://www.w3.org/2001/XMLSchema-instance" xsi:schemaLocation="http://www.loc.gov/MARC21/slim http://www.loc.gov/standards/marcxml/schema/MARC21slim.xsd">
   <leader>00925njm 22002777a 4500</leader>
   <datafield ind2=" " ind1=" " tag="042">
      <subfield code="a">dc</subfield>
   </datafield>
   <datafield ind2=" " ind1=" " tag="720">
      <subfield code="a">España Pérez, José Alberto</subfield>
      <subfield code="e">author</subfield>
   </datafield>
   <datafield ind2=" " ind1=" " tag="260">
      <subfield code="c">2021</subfield>
   </datafield>
   <datafield ind2=" " ind1=" " tag="520">
      <subfield code="a">La denominada movilidad inteligente (smart mobility) está llamada a revolucionar los desplazamientos por la ciudad y, por ende, a la Administración Pública. Esta nueva forma de ver y entender los movimientos urbanos apuesta por una movilidad más respetuosa con el medioambiente y la calidad de vida de los ciudadanos, utilizando las numerosas ventajas que ofrece la inteligencia artificial. No son pocos los estudios que ensalzan las bondades de estas iniciativas, sin embargo, no ocurre lo mismo con los diversos problemas jurídicos que se derivan de su despliegue, especialmente, los ocasionados en el ámbito de la protección de datos personales. Y es que las aplicaciones de movilidad inteligente precisan de un ingente volumen de información de sus usuarios para prestar sus servicios. La Administración Pública dada sus competencias en tráfico, transporte y movilidad va a jugar un importante papel en este sentido, además, de ser receptora de gran cantidad de datos de los ciudadanos. Por ello, este trabajo pretende ser una primera aproximación a la smart mobility pero desde un punto de vista en el que se repara escasamente: la salvaguarda del derecho a la protección de datos personales. Reparando, principalmente, en el marco normativo existente para desplegar las estrategias administrativas de esta nueva forma de desplazamiento.</subfield>
   </datafield>
   <datafield ind1="8" ind2=" " tag="024">
      <subfield code="a">España Pérez, J. A. (2021). "El complejo marco normativo de la protección de datos en las estrategias administrativas de smart mobility”. Revista del Gabinete Jurídico de la Junta de Comunidades de Castilla-La Mancha (Gabilex), núm. 26,  pp. 147-216. Disponible en https://gabinetejuridico.castillalamancha.es/articulos/el-complejo-marco-normativo-de-la-proteccion-de-datos-en-las-estrategias-administrativas</subfield>
   </datafield>
   <datafield ind1="8" ind2=" " tag="024">
      <subfield code="a">https://hdl.handle.net/10630/44678</subfield>
   </datafield>
   <datafield tag="653" ind2=" " ind1=" ">
      <subfield code="a">Ciudades - Efectos de las innovaciones tecnológicas</subfield>
   </datafield>
   <datafield ind2="0" ind1="0" tag="245">
      <subfield code="a">El complejo marco normativo de la protección de datos en las estrategias administrativas de smart mobility</subfield>
   </datafield>
</record>
</metadata></record></GetRecord></OAI-PMH>